000 00586nam a2200193Ia 4500
003 IN-BaIIA
008 211028s9999 xx 000 0 eng d
040 _cIIA Library
080 _a083.7:621.822.7
_bISI
110 _aIndian Standards Institution
245 0 _aIndian standard specification for plummer blocks for rolling bearings
_cIndian Standards Institution
260 _aNew Delhi
_bIndian Standards Institution
_c1969
300 _a7p.
500 _aIS 473 : 1968
650 _aNASA Thesaurus
650 _aRolling Bearings
_99287
650 _aStandards
_98876
942 _cBK
999 _c5304
_d5304